| 000 | 00464cam a2200181ua 4500 | ||
|---|---|---|---|
| 020 | _c30.00 | ||
| 041 |
_aeng _h |
||
| 082 |
_a671.823 _bGUP/BA |
||
| 100 | _aGupta, R.C . | ||
| 245 |
_aBasic shop theory sheet metal / _cR.C.Gupta. _hTextual Documents |
||
| 250 |
_a1 / _b. |
||
| 260 |
_aNew Delhi : _bDhanpat Rai Publishing Co. Pvt. Ltd. , _c1988. |
||
| 300 |
_a266 : _b` ; . |
||
| 365 | _a30.00 | ||
| 504 | _a | ||
| 942 | _cBK | ||
| 999 |
_c1768 _d1768 |
||